Países de Língua Inglesa - Statistics

Estatísticas Gerais
  • Esse quiz foi jogado 7 293 vezes
  • A pontuação média é 9 de 16
Estatísticas das Respostas
% País % Correto
79 Estados Unidos
99%
92 Reino Unido
97%
57 Canadá
90%
73 Austrália
85%
85 Nova Zelândia
77%
90 Irlanda
74%
99 Jamaica
48%
75 Bahamas
41%
90 Guiana
39%
99 Barbados
35%
95 Trinidad e Tobago
32%
98 Granada
31%
99 São Vicente e Granadinas
30%
90 Antígua e Barbuda
29%
99 São Cristóvão e Nevis
29%
70 Belize
28%
Nenhum quiz correspondente encontrado
Distribuição das Pontuações
Porcentagem de Pessoas com Cada Pontuação
Percentil de Números Respondidos
Sua Pontuação Histórica
Você não jogou esse quiz